000 00610nam a2200181Ia 4500
008 090123s9999 xx 000 0 und d
082 _b36369
_a891.463/नाईक
100 _aनाईक गुरूनाथ
245 _aगोगलगाईचा संदेश
250 _a1
260 _bमंगलदिप प्रकाशन
_c2004
300 _a112
600 _aनाईक गुरूनाथ
630 _aगोगलगाईचा संदेश
700 _aनाईक गुरूनाथ
730 _aगोगलगाईचा संदेश
942 _cBOOK
999 _c74437
_d74437